[Event "El Sauzal op 5th"]
[Site "El Sauzal"]
[Date "2004.11.07"]
[Round "8"]
[White "Fernandez Manrique, Agustin"]
[Black "Yewdokimov, Oleg"]
[Result "1-0"]
[WhiteElo "2136"]
[BlackElo "2376"]
[PlyCount "77"]
[EventDate "2004.11.06"]
[EventType "swiss (rapid)"]
[EventRounds "9"]
[EventCountry "ESP"]
[SourceTitle "CBM 103 Extra"]
[Source "ChessBase"]
[SourceDate "2005.01.01"]
[SourceVersion "1"]
[SourceVersionDate "2005.01.01"]
[SourceQuality "1"]

1. c4 b6 2. Nf3 Bb7 3. g3 Bxf3 4. exf3 c5 5. d4 cxd4 6. Qxd4 Nc6 7. Qd1 g6 8. Bd2 Bg7 9. Bc3 Nf6 10. Bg2 0-0 11. 0-0 Qc7 12. Nd2 Rac8 13. Rc1 d6 14. Re1 e5 15. Ne4 Rfd8 16. Nxf6+ Bxf6 17. f4 Nd4 18. Bxd4 exd4 19. Bh3 Rb8 20. Qd3 Qc5 21. Rcd1 Qb4 22. b3 Re8 23. Qd2 Qc3 24. Bd7 Rxe1+ 25. Qxe1 Rb7 26. Qe8+ Kg7 27. Qc8 Qc2 28. Rf1 Rxd7 29. Qxd7 Qxa2 30. Qxd6 Qxb3 31. c5 Qa3 32. Qd7 bxc5 33. Rb1 d3 34. Rb7 Qc1+ 35. Kg2 Qc4 36. Rxa7 Bd4 37. Qd6 Qb5 38. Qe6 Kh6 39. Rxf7 1-0

[Event "Keres Memorial op"]
[Site "Tallinn"]
[Date "2001.07.30"]
[Round "8"]
[White "Sepp, Olav"]
[Black "Yewdokimov, Oleg"]
[Result "1-0"]
[WhiteElo "2442"]
[BlackElo "2390"]
[PlyCount "99"]
[EventDate "2001.07.25"]
[EventType "swiss"]
[EventRounds "9"]
[EventCountry "EST"]
[SourceTitle "CBM 083 Extra"]
[Source "ChessBase"]
[SourceDate "2001.09.11"]
[SourceVersion "1"]
[SourceVersionDate "2001.09.11"]
[SourceQuality "1"]

1. Nf3 e6 2. e4 d5 3. exd5 exd5 4. d4 Bd6 5. c4 dxc4 6. Bxc4 Nf6 7. 0-0 0-0 8. h3 Nbd7 9. Nc3 c6 10. Re1 Nb6 11. Bb3 h6 12. Ne5 Bf5 13. Qf3 Bh7 14. Bf4 a5 15. a3 a4 16. Ba2 Ra5 17. Nxf7 Rxf7 18. Bxd6 Nbd5 19. Qg3 Kh8 20. Nxd5 cxd5 21. Qe5 Be4 22. Bb4 Rb5 23. f3 Bg6 24. Rac1 Kh7 25. Rc5 Rxc5 26. Bxc5 Qa5 27. Bb4 Qb5 28. Qe2 Qc6 29. Qe6 Qb5 30. Qe2 Qc6 31. Be7 Nh5 32. Qe6 Qe8 33. Bc5 Qb5 34. Qe2 Qc6 35. Qe6 Qb5 36. Qe2 Qc6 37. Qd2 Nf4 38. Re7 Rf5 39. Kh2 b6 40. Bb4 Qf6 41. Qe3 Nxh3 42. Re6 Qh4 43. gxh3 Rh5 44. f4 Bf5 45. Re5 Qf6 46. Bb1 Bxb1 47. Rxh5 Qg6 48. Re5 Be4 49. Qg3 Qc6 50. Bc3 1-0

[Event "Keres Memorial op"]
[Site "Tallinn"]
[Date "2001.07.28"]
[Round "6"]
[White "Rychagov, Mikhail"]
[Black "Yewdokimov, Oleg"]
[Result "1-0"]
[WhiteElo "2501"]
[BlackElo "2390"]
[PlyCount "57"]
[EventDate "2001.07.25"]
[EventType "swiss"]
[EventRounds "9"]
[EventCountry "EST"]
[SourceTitle "CBM 083 Extra"]
[Source "ChessBase"]
[SourceDate "2001.09.11"]
[SourceVersion "1"]
[SourceVersionDate "2001.09.11"]
[SourceQuality "1"]

1. e4 Nf6 2. e5 Nd5 3. d4 c6 4. c4 Nc7 5. Nc3 d6 6. f4 dxe5 7. fxe5 Bf5 8. Nf3 e6 9. Bd3 Bb4 10. Bxf5 exf5 11. 0-0 0-0 12. Qd3 g6 13. Bh6 Re8 14. Rad1 Nd7 15. g3 Bxc3 16. Qxc3 Qe7 17. b4 Rac8 18. a4 b6 19. Rfe1 Nf8 20. Bg5 Qe6 21. Bf6 f4 22. Ng5 Qg4 23. h3 Qd7 24. Ne4 Nd5 25. Qb3 Ne3 26. Rxe3 fxe3 27. Qxe3 Qf5 28. Qh6 Ne6 29. Ng5 1-0

[Event "Keres Memorial op"]
[Site "Tallinn"]
[Date "2001.07.26"]
[Round "3"]
[White "Yewdokimov, Oleg"]
[Black "Kveinys, Aloyzas"]
[Result "0-1"]
[WhiteElo "2390"]
[BlackElo "2535"]
[PlyCount "114"]
[EventDate "2001.07.25"]
[EventType "swiss"]
[EventRounds "9"]
[EventCountry "EST"]
[SourceTitle "CBM 083 Extra"]
[Source "ChessBase"]
[SourceDate "2001.09.11"]
[SourceVersion "1"]
[SourceVersionDate "2001.09.11"]
[SourceQuality "1"]

1. d4 Nf6 2. c4 e6 3. Nf3 Bb4+ 4. Nbd2 0-0 5. a3 Bxd2+ 6. Qxd2 b6 7. g3 Bb7 8. Bg2 d6 9. 0-0 Nbd7 10. b4 a5 11. Bb2 Qb8 12. Rfc1 axb4 13. axb4 Rxa1 14. Rxa1 b5 15. c5 Bd5 16. Ra5 Qb7 17. Qd3 Rb8 18. Qa3 Ra8 19. h3 h6 20. Bc1 Rxa5 21. Qxa5 Ne4 22. Qa3 f5 23. Be3 Kh7 24. Kh2 Nef6 25. Qa5 Be4 26. Bf4 Qc6 27. Qa7 Nd5 28. Bd2 N7f6 29. Qb8 Qa6 30. Qf8 Qa2 31. Bxh6 Kxh6 32. Ng5 Nc3 33. Qf7 Qa8 34. Nxe6 Qg8 35. Qxg8 Nxg8 36. Nxc7 dxc5 37. dxc5 Ne7 38. g4 Bxg2 39. Kxg2 Nc6 40. gxf5 Nxb4 41. e4 Nc6 42. Kf3 b4 43. Nd5 Nxd5 44. exd5 Nd4+ 45. Ke3 b3 46. c6 b2 47. c7 Nxf5+ 48. Kd2 b1Q 49. c8Q Qb2+ 50. Kd3 Qd4+ 51. Ke2 Qxd5 52. Qh8+ Kg5 53. h4+ Kf4 54. h5 Qe6+ 55. Kf1 Kg5 56. Kg2 Qe4+ 57. Kf1 Qh1+ 0-1

[Event "Madrid-B"]
[Site "Madrid"]
[Date "1994.??.??"]
[Round "10"]
[White "Barez Menendez, Hector"]
[Black "Yewdokimov, Oleg"]
[Result "0-1"]
[WhiteElo "2340"]
[BlackElo "2365"]
[PlyCount "176"]
[EventDate "1994.??.??"]
[EventType "tourn"]
[EventRounds "11"]
[EventCountry "ESP"]
[EventCategory "4"]
[SourceTitle "EXT 1997"]
[Source "ChessBase"]
[SourceDate "1996.11.15"]
[SourceVersion "1"]
[SourceVersionDate "1996.11.15"]
[SourceQuality "1"]

1. Nf3 Nf6 2. c4 d6 3. d4 Bg4 4. Nc3 Nbd7 5. g3 c6 6. Bg2 Qa5 7. h3 Bxf3 8. Bxf3 e5 9. 0-0 Qb4 10. Qd3 exd4 11. Qxd4 Qc5 12. Qxc5 Nxc5 13. Be3 Nfd7 14. Bg2 a5 15. Rfd1 f5 16. Bd4 Ne6 17. e4 f4 18. gxf4 Nxf4 19. Bf1 Be7 20. Na4 0-0 21. Rac1 Rae8 22. Nb6 Nxb6 23. Bxb6 Bd8 24. Bxd8 Rxd8 25. Rd2 Kf7 26. Rc3 Ke7 27. Rb3 Rb8 28. Re3 Ke6 29. f3 b6 30. Kh2 Rf6 31. Rb3 g5 32. Kg3 Ke5 33. Rh2 Ne6 34. Rd2 Nd4 35. Rbd3 c5 36. Bg2 Rbf8 37. b3 h5 38. a3 Rf4 39. Ra2 Ra8 40. Rb2 h4+ 41. Kf2 Rf7 42. Ke3 Rb7 43. a4 Rf7 44. Rf2 Raf8 45. Bh1 Rf4 46. Bg2 Ke6 47. Bh1 R8f6 48. Bg2 Rf8 49. Bh1 Ke7 50. Bg2 R4f6 51. Rc3 Rf4 52. Rd3 Kf6 53. Bh1 Kg6 54. Bg2 R8f6 55. Rc3 Re6 56. Rf1 Rf8 57. Kd2 Ref6 58. Ke3 Ne6 59. Rf2 Nf4 60. Bf1 Re8 61. Kd2 Nh5 62. Re3 Kh6 63. Ke1 Ng3 64. Bg2 Nf5 65. Ree2 Nd4 66. Re3 Ref8 67. Kd2 Rf4 68. Rf1 Kg6 69. Rc3 Kf6 70. Ke3 Ke5 71. Rf2 Ke6 72. Rd3 Nc6 73. Rfd2 Rd8 74. Rf2 Ne5 75. Rdd2 Rdf8 76. Rc2 R8f7 77. Rcd2 b5 78. cxb5 c4 79. Rc2 cxb3 80. Rc3 g4 81. Rxb3 g3 82. Rf1 Nc4+ 83. Ke2 d5 84. exd5+ Kd6 85. Rc1 Re7+ 86. Kd3 Re3+ 87. Kc2 Re2+ 88. Kd3 Rxg2 0-1

[Event "Haarlem AKN op 03rd"]
[Site "Haarlem"]
[Date "1994.??.??"]
[Round "5"]
[White "Yewdokimov, Oleg"]
[Black "Cifuentes Parada, Roberto"]
[Result "0-1"]
[WhiteElo "2365"]
[BlackElo "2500"]
[PlyCount "78"]
[EventDate "1994.07.??"]
[EventType "swiss"]
[EventRounds "6"]
[EventCountry "NED"]
[SourceTitle "EXT 1999"]
[Source "ChessBase"]
[SourceDate "1998.11.16"]
[SourceVersion "1"]
[SourceVersionDate "1998.11.16"]
[SourceQuality "1"]

1. d4 Nf6 2. c4 e6 3. Nf3 d5 4. Nc3 c6 5. e3 Nbd7 6. Qc2 Bd6 7. Be2 0-0 8. 0-0 Re8 9. Rd1 Qe7 10. h3 h6 11. a3 a6 12. e4 Nxe4 13. Nxe4 dxe4 14. Qxe4 e5 15. Be3 Nf6 16. Qc2 e4 17. Nd2 Bf5 18. Nf1 Bg6 19. Re1 Rad8 20. Rad1 Nh5 21. c5 Bb8 22. Bc4 Nf6 23. Qc1 Nd5 24. Bxd5 Rxd5 25. Bf4 Bxf4 26. Qxf4 Red8 27. Qd2 f5 28. Ne3 Rxd4 29. Qxd4 Rxd4 30. Rxd4 f4 31. Nc4 Qxc5 32. Red1 Kh7 33. b4 Qg5 34. Kh2 e3 35. g3 fxg3+ 36. fxg3 e2 37. Re1 Qf6 38. Rf4 Qc3 39. Rxe2 Bd3 0-1

[Event "Madrid-B"]
[Site "Madrid"]
[Date "1994.??.??"]
[Round "7"]
[White "Yewdokimov, Oleg"]
[Black "Vallejo Pons, Francisco"]
[Result "0-1"]
[WhiteElo "2365"]
[BlackElo "2315"]
[PlyCount "58"]
[EventDate "1994.??.??"]
[EventType "tourn"]
[EventRounds "11"]
[EventCountry "ESP"]
[EventCategory "4"]
[SourceTitle "EXT 1997"]
[Source "ChessBase"]
[SourceDate "1996.11.15"]
[SourceVersion "1"]
[SourceVersionDate "1996.11.15"]
[SourceQuality "1"]

1. e4 c5 2. Nc3 Nc6 3. f4 g6 4. Nf3 Bg7 5. Bb5 Nd4 6. Bc4 d6 7. 0-0 e6 8. d3 Ne7 9. a4 0-0 10. Kh1 b6 11. Ba2 Bb7 12. Nxd4 cxd4 13. Ne2 Rc8 14. Ng3 d5 15. f5 Nc6 16. Bd2 Ne5 17. Bb3 Qh4 18. Rf4 Qe7 19. Qe2 dxe4 20. dxe4 d3 21. cxd3 Ba6 22. fxe6 fxe6 23. Rxf8+ Rxf8 24. Rf1 Rxf1+ 25. Qxf1 Nxd3 26. Bc3 Bxc3 27. bxc3 Kg7 28. h3 Qf6 29. Qe2 Nf2+ 0-1

[Event "Zuerich op-A 17th"]
[Site "Zuerich"]
[Date "1993.??.??"]
[Round "?"]
[White "Milov, Vadim"]
[Black "Yewdokimov, Oleg"]
[Result "1-0"]
[WhiteElo "2500"]
[BlackElo "2365"]
[PlyCount "118"]
[EventDate "1993.12.26"]
[EventType "swiss"]
[EventRounds "7"]
[EventCountry "SUI"]
[SourceTitle "EXT 1997"]
[Source "ChessBase"]
[SourceDate "1996.11.15"]
[SourceVersion "1"]
[SourceVersionDate "1996.11.15"]
[SourceQuality "1"]

1. d4 b6 2. c4 Bb7 3. Nc3 e6 4. Nf3 Bb4 5. Bg5 f6 6. Bd2 f5 7. a3 Be7 8. e3 Nf6 9. Qc2 0-0 10. Bd3 c5 11. d5 g6 12. h4 b5 13. h5 bxc4 14. Bxc4 Nxd5 15. Nxd5 exd5 16. Qb3 dxc4 17. Qxb7 Nc6 18. hxg6 hxg6 19. Qb5 Rf7 20. Bc3 Bf6 21. Qxc4 Bxc3+ 22. bxc3 Qe7 23. Rd1 Rd8 24. Rd5 d6 25. Qf4 Ne5 26. Ng5 Rg7 27. Rd1 c4 28. Rd4 Rb8 29. 0-0 Rd8 30. Rfd1 Nd3 31. Qh4 d5 32. Rb1 Qf6 33. Qh6 Ne5 34. Rb5 Rgd7 35. f3 a6 36. Ra5 Nf7 37. Qh7+ Kf8 38. Nxf7 Rxf7 39. Qh6+ Ke7 40. Qf4 Kf8 41. Raxd5 Rxd5 42. Rxd5 Qxc3 43. Rd8+ Kg7 44. Rd4 Re7 45. Kf2 Qb2+ 46. Kg3 Qxa3 47. e4 Qc5 48. Rd5 Qc6 49. Rd6 Qb5 50. exf5 Qxf5 51. Qxf5 gxf5 52. Rc6 a5 53. Kf4 Rb7 54. Kxf5 Rb4 55. Rc7+ Kg8 56. f4 a4 57. Kg6 Rb6+ 58. Kg5 a3 59. Ra7 Rb2 1-0

[Event "Bern op"]
[Site "Bern"]
[Date "1992.??.??"]
[Round "3"]
[White "Adler, Joel Arturo Manuel"]
[Black "Yewdokimov, Oleg"]
[Result "1-0"]
[WhiteElo "2255"]
[BlackElo "2380"]
[PlyCount "99"]
[EventDate "1992.02.??"]
[EventType "swiss"]
[EventRounds "9"]
[EventCountry "SUI"]
[SourceTitle "CBM 028"]
[Source "ChessBase"]
[SourceDate "1992.06.01"]
[SourceVersion "1"]
[SourceVersionDate "1992.06.01"]
[SourceQuality "1"]

1. d4 e6 2. c4 b6 3. e4 Bb7 4. Bd3 Nc6 5. Nf3 Nb4 6. 0-0 Nxd3 7. Qxd3 d6 8. Nc3 Nf6 9. Bg5 Be7 10. d5 e5 11. c5 dxc5 12. Nxe5 0-0 13. f4 c6 14. Rad1 cxd5 15. exd5 Nd7 16. Bxe7 Qxe7 17. Rfe1 Qd8 18. Qf5 Nxe5 19. fxe5 Qc8 20. Qxc8 Raxc8 21. Nb5 Ba6 22. Nxa7 Rc7 23. Nc6 Bc4 24. e6 fxe6 25. Rxe6 Rd7 26. Ne7+ Kf7 27. Re4 b5 28. d6 Rfd8 29. b3 Rxd6 30. Rxd6 Rxd6 31. bxc4 bxc4 32. Nf5 Rd1+ 33. Kf2 Kf6 34. Ne3 Rd2+ 35. Kf3 Rxa2 36. Rxc4 Ra5 37. Nd5+ Ke5 38. Nc3 g6 39. Ra4 Rxa4 40. Nxa4 Kd4 41. Ke2 c4 42. Kd2 h5 43. Nc3 h4 44. g3 g5 45. gxh4 gxh4 46. h3 Ke5 47. Ke3 Kf5 48. Kf3 Ke5 49. Kg4 Kd4 50. Na4 1-0

[Event "Palma de Mallorca op"]
[Site "Palma de Mallorca"]
[Date "1992.??.??"]
[Round "5"]
[White "Garcia Palermo, Carlos H"]
[Black "Yewdokimov, Oleg"]
[Result "1-0"]
[WhiteElo "2465"]
[BlackElo "2380"]
[PlyCount "85"]
[EventDate "1992.04.??"]
[EventType "swiss"]
[EventRounds "9"]
[EventCountry "ESP"]
[SourceTitle "TD"]
[Source "ChessBase"]
[SourceDate "1994.03.01"]
[SourceVersion "1"]
[SourceVersionDate "1994.03.01"]
[SourceQuality "1"]

1. c4 e5 2. b3 Nc6 3. Bb2 d6 4. g3 g6 5. Bg2 Bg7 6. Nc3 Nge7 7. d3 Bg4 8. Qd2 Qd7 9. Nd5 Nd8 10. e4 c6 11. Ne3 c5 12. Nxg4 Qxg4 13. h4 Qd7 14. h5 Nec6 15. Ne2 Ne6 16. Nc3 Nc7 17. Nd5 Nxd5 18. cxd5 Ne7 19. b4 b6 20. a4 a5 21. hxg6 hxg6 22. Rxh8+ Bxh8 23. Qh6 Bf6 24. Bh3 Qc7 25. b5 Ng8 26. Qh7 Kf8 27. Ke2 Re8 28. Bc1 c4 29. Be3 Bg7 30. Rc1 Nf6 31. Qh4 c3 32. Rc2 Ke7 33. g4 Rh8 34. Qg3 Nxe4 35. dxe4 Qc4+ 36. Kf3 Qd3 37. Rc1 c2 38. g5 f5 39. gxf6+ Bxf6 40. Qg4 Kf8 41. Kg2 Rh4 42. Qc8+ Kg7 43. Qxc2 1-0

[Event "Palma de Mallorca op"]
[Site "Palma de Mallorca"]
[Date "1992.??.??"]
[Round "3"]
[White "Magem Badals, Jordi"]
[Black "Yewdokimov, Oleg"]
[Result "1-0"]
[WhiteElo "2515"]
[BlackElo "2380"]
[PlyCount "69"]
[EventDate "1992.04.??"]
[EventType "swiss"]
[EventRounds "9"]
[EventCountry "ESP"]
[SourceTitle "TD"]
[Source "ChessBase"]
[SourceDate "1994.03.01"]
[SourceVersion "1"]
[SourceVersionDate "1994.03.01"]
[SourceQuality "1"]

1. e4 Nf6 2. e5 Nd5 3. d4 d6 4. Nf3 c6 5. Be2 Bg4 6. 0-0 Nd7 7. Ng5 Bxe2 8. Qxe2 dxe5 9. dxe5 e6 10. f4 h6 11. Ne4 Nc5 12. Nbd2 Nb4 13. Nb3 Nxe4 14. Qxe4 Qd5 15. Qe2 Rd8 16. a3 Na6 17. Be3 Qe4 18. Rae1 c5 19. Qb5+ Qc6 20. Qxc6+ bxc6 21. Na5 Rc8 22. Rd1 Be7 23. Rd3 Bd8 24. Nb7 Rb8 25. Nd6+ Ke7 26. f5 f6 27. exf6+ gxf6 28. fxe6 Bc7 29. Bf4 Rhd8 30. Nf5+ Kxe6 31. Bxc7 Nxc7 32. Re3+ Kd7 33. Rd1+ Kc8 34. Nd6+ Rxd6 35. Rxd6 1-0

[Event "Palma de Mallorca op"]
[Site "Palma de Mallorca"]
[Date "1992.??.??"]
[Round "8"]
[White "Yewdokimov, Oleg"]
[Black "Eslon, Jaan"]
[Result "1/2-1/2"]
[WhiteElo "2380"]
[BlackElo "2420"]
[PlyCount "38"]
[EventDate "1992.04.??"]
[EventType "swiss"]
[EventRounds "9"]
[EventCountry "ESP"]
[SourceTitle "TD"]
[Source "ChessBase"]
[SourceDate "1994.03.01"]
[SourceVersion "1"]
[SourceVersionDate "1994.03.01"]
[SourceQuality "1"]

1. d4 d5 2. c4 c6 3. e3 Nf6 4. Nc3 e6 5. Nf3 Nbd7 6. Qc2 Bb4 7. a3 Ba5 8. b4 Bc7 9. Bb2 0-0 10. Rd1 Qe7 11. Be2 dxc4 12. Bxc4 e5 13. d5 Nb6 14. Bb3 Nbxd5 15. Nxd5 cxd5 16. Bxd5 Nxd5 17. Rxd5 f6 18. 0-0 Be6 19. Rd2 Rfd8 1/2-1/2

[Event "Bern op"]
[Site "Bern"]
[Date "1992.??.??"]
[Round "4"]
[White "Yewdokimov, Oleg"]
[Black "Haas, Carmi"]
[Result "1-0"]
[WhiteElo "2380"]
[BlackElo "2215"]
[PlyCount "28"]
[EventDate "1992.02.??"]
[EventType "swiss"]
[EventRounds "9"]
[EventCountry "SUI"]
[SourceTitle "CBM 028"]
[Source "ChessBase"]
[SourceDate "1992.06.01"]
[SourceVersion "1"]
[SourceVersionDate "1992.06.01"]
[SourceQuality "1"]

1. d4 Nf6 2. c4 g6 3. Nc3 d5 4. Nf3 Bg7 5. e3 0-0 6. Qb3 dxc4 7. Bxc4 c5 8. dxc5 Nfd7 9. Ne4 Nxc5 10. Nxc5 Qa5+ 11. Bd2 Qxc5 12. Bb4 Qc7 13. Ng5 Qe5 14. Nxf7 Qxb2 1-0

[Event "Aix les Bains op"]
[Site "Aix les Bains"]
[Date "1991.??.??"]
[Round "5"]
[White "Bardel, Stephan"]
[Black "Yewdokimov, Oleg"]
[Result "0-1"]
[WhiteElo "2360"]
[BlackElo "2375"]
[PlyCount "42"]
[EventDate "1991.??.??"]
[EventType "swiss"]
[EventRounds "6"]
[EventCountry "FRA"]
[SourceTitle "TD"]
[Source "ChessBase"]
[SourceDate "1994.03.01"]
[SourceVersion "1"]
[SourceVersionDate "1994.03.01"]
[SourceQuality "1"]

1. e4 Nf6 2. e5 Nd5 3. d4 d6 4. Nf3 c6 5. c4 Nc7 6. Nc3 Bg4 7. h3 Bxf3 8. Qxf3 dxe5 9. dxe5 Nd7 10. Bf4 Ne6 11. 0-0-0 Nxf4 12. Qxf4 Qc7 13. Rxd7 Qxd7 14. Be2 g6 15. Bg4 Qc7 16. Ne4 h5 17. Ng5 e6 18. Qf6 Qe7 19. Ne4 Bh6+ 20. f4 Qxf6 21. Nxf6+ Ke7 0-1

[Event "AUT-chT"]
[Site "Austria"]
[Date "1991.??.??"]
[Round "?"]
[White "Dueckstein, Andreas"]
[Black "Yewdokimov, Oleg"]
[Result "0-1"]
[WhiteElo "2375"]
[BlackElo "2375"]
[PlyCount "118"]
[EventDate "1991.??.??"]
[EventType "team"]
[EventRounds "13"]
[EventCountry "AUT"]
[SourceTitle "EXT 1997"]
[Source "ChessBase"]
[SourceDate "1996.11.15"]
[SourceVersion "1"]
[SourceVersionDate "1996.11.15"]
[SourceQuality "1"]

1. e4 Nf6 2. e5 Nd5 3. Nc3 c6 4. d4 d6 5. f4 Bf5 6. Nf3 Nb4 7. Bd3 Nxd3+ 8. cxd3 e6 9. 0-0 c5 10. exd6 Bxd6 11. Be3 Nd7 12. Ne4 Bxe4 13. dxe4 0-0 14. d5 exd5 15. Qxd5 Nf6 16. Qc4 b5 17. Qxb5 Rb8 18. Qa4 Rb4 19. Qxa7 Nxe4 20. Rad1 Rxb2 21. Ne5 Qe7 22. Qxe7 Bxe7 23. Rd7 Bf6 24. Rc7 Rxa2 25. Bxc5 Bd8 26. Bxf8 Bxc7 27. Be7 Bb6+ 28. Kh1 Nf2+ 29. Kg1 Nh3+ 30. Kh1 Nf2+ 31. Kg1 Nh3+ 32. Kh1 Nxf4 33. Nxf7 Nd5 34. Bd8 Ne3 35. Rb1 Bxd8 36. Nxd8 Nxg2 37. Nc6 Nh4 38. Rf1 g6 39. Nd4 Kg7 40. Nf3 Nf5 41. Kg1 h5 42. Rd1 h4 43. Rd2 Ra3 44. Kf2 Kf6 45. Rd8 Ra2+ 46. Rd2 Ra8 47. Rb2 Ra6 48. Nd2 Re6 49. Rb8 Nd6 50. Kf3 g5 51. Rf8+ Kg7 52. Rd8 Nf7 53. Rd7 Kg6 54. Nc4 Rf6+ 55. Ke3 Rc6 56. Rd4 Kh5 57. Kf2 Nh6 58. Ne3 Rf6+ 59. Ke2 Re6 0-1

[Event "Oviedo rapid"]
[Site "Oviedo"]
[Date "1991.??.??"]
[Round "8"]
[White "Ruiz, J."]
[Black "Yewdokimov, Oleg"]
[Result "0-1"]
[WhiteElo "2295"]
[BlackElo "2375"]
[PlyCount "65"]
[EventDate "1991.??.??"]
[EventType "swiss (rapid)"]
[EventRounds "10"]
[EventCountry "ESP"]
[SourceTitle "EXT 1997"]
[Source "ChessBase"]
[SourceDate "1996.11.15"]
[SourceVersion "1"]
[SourceVersionDate "1996.11.15"]
[SourceQuality "1"]

1. e4 c5 2. Nf3 d6 3. d4 cxd4 4. Nxd4 Nf6 5. Nc3 a6 6. Bc4 e6 7. Bb3 Nbd7 8. Be3 Nc5 9. f4 Nfxe4 10. Nxe4 Nxe4 11. 0-0 Nf6 12. Qf3 Be7 13. Rad1 0-0 14. g4 d5 15. g5 Ne4 16. Qg2 g6 17. h4 Bd7 18. Kh1 Rc8 19. Rg1 Bc5 20. c3 Qe7 21. Qh2 Nd6 22. Rge1 Rfe8 23. Bg1 Qf8 24. Nf3 Bxg1 25. Qxg1 Nc4 26. Qh2 Bc6 27. Rd4 Nd6 28. Ne5 Nf5 29. Ng4 Nxd4 30. Nf6+ Kh8 31. cxd4 h5 32. Qe2 Qd6 33. Qe3 0-1

[Event "Metz op 09th"]
[Site "Metz"]
[Date "1991.??.??"]
[Round "?"]
[White "Yewdokimov, Oleg"]
[Black "Anic, Darko"]
[Result "1-0"]
[WhiteElo "2375"]
[BlackElo "2430"]
[PlyCount "87"]
[EventDate "1991.04.23"]
[EventType "swiss"]
[EventRounds "9"]
[EventCountry "FRA"]
[SourceTitle "EXT 2002"]
[Source "ChessBase"]
[SourceDate "2001.11.25"]
[SourceVersion "1"]
[SourceVersionDate "2001.11.25"]
[SourceQuality "1"]

1. d4 Nf6 2. c4 g6 3. Nc3 d5 4. Nf3 Bg7 5. e3 0-0 6. Qb3 e6 7. Bd2 Nc6 8. cxd5 exd5 9. Bd3 Ne7 10. 0-0 c6 11. Rac1 Ne8 12. Na4 Nd6 13. Nc5 Re8 14. Ne5 f6 15. Nf3 Kh8 16. Rfe1 b6 17. Na4 Ne4 18. Bb4 Bb7 19. Nd2 Nxd2 20. Bxd2 Qd7 21. Nc3 Nf5 22. a4 Nd6 23. f3 f5 24. Ne2 Rac8 25. Qa3 Nc4 26. Bxc4 dxc4 27. Rcd1 c5 28. dxc5 Rxc5 29. Bc3 Rd5 30. Rxd5 Qxd5 31. Nf4 Qd7 32. Bxg7+ Qxg7 33. Rd1 Kg8 34. Rd4 Qf7 35. Qc3 Rc8 36. Rd6 Qe7 37. Qd4 c3 38. bxc3 Bc6 39. h4 Bxa4 40. h5 g5 41. Nd5 Qf8 42. Nf6+ Kf7 43. Qd5+ Kg7 44. h6+ 1-0

[Event "Oviedo rapid"]
[Site "Oviedo"]
[Date "1991.??.??"]
[Round "3"]
[White "Yewdokimov, Oleg"]
[Black "Dreev, Alexey"]
[Result "0-1"]
[WhiteElo "2375"]
[BlackElo "2625"]
[PlyCount "54"]
[EventDate "1991.??.??"]
[EventType "swiss (rapid)"]
[EventRounds "10"]
[EventCountry "ESP"]
[SourceTitle "EXT 1997"]
[Source "ChessBase"]
[SourceDate "1996.11.15"]
[SourceVersion "1"]
[SourceVersionDate "1996.11.15"]
[SourceQuality "1"]

1. d4 d5 2. c4 c6 3. e3 e6 4. Nc3 Nf6 5. Nf3 Nbd7 6. Qc2 Bd6 7. Be2 0-0 8. 0-0 e5 9. cxd5 cxd5 10. Nb5 Bb8 11. dxe5 Nxe5 12. Bd2 Bg4 13. Nbd4 Qd6 14. g3 Ne4 15. Rfd1 Qf6 16. Kg2 Qh6 17. Qb3 Qh3+ 18. Kg1 Qh5 19. Kg2 Bh3+ 20. Kg1 Bg4 21. Kg2 Qh3+ 22. Kg1 Bxf3 23. Nxf3 Nxf2 24. Ng5 Qf5 25. e4 Nxe4 26. Nxe4 Qxe4 27. Re1 Bc7 0-1

[Event "Cordoba op"]
[Site "Cordoba"]
[Date "1991.??.??"]
[Round "?"]
[White "Yewdokimov, Oleg"]
[Black "Fernandez, A."]
[Result "1-0"]
[WhiteElo "2375"]
[BlackElo "2340"]
[PlyCount "33"]
[EventDate "1991.??.??"]
[EventType "swiss"]
[EventRounds "9"]
[EventCountry "ESP"]
[SourceTitle "EXT 1997"]
[Source "ChessBase"]
[SourceDate "1996.11.15"]
[SourceVersion "1"]
[SourceVersionDate "1996.11.15"]
[SourceQuality "1"]

1. d4 Nf6 2. c4 g6 3. Nc3 Bg7 4. Nf3 d6 5. g3 0-0 6. Bg2 c6 7. 0-0 Nbd7 8. e4 e5 9. h3 Re8 10. Re1 a5 11. Be3 Nf8 12. dxe5 dxe5 13. Qxd8 Rxd8 14. Nxe5 Be6 15. Na4 Nh5 16. Nf3 Bxc4 17. Nb6 1-0

[Event "AUT-chT"]
[Site "Austria"]
[Date "1991.??.??"]
[Round "?"]
[White "Yewdokimov, Oleg"]
[Black "Herndl, Harald"]
[Result "1/2-1/2"]
[WhiteElo "2375"]
[BlackElo "2300"]
[PlyCount "29"]
[EventDate "1991.??.??"]
[EventType "team"]
[EventRounds "13"]
[EventCountry "AUT"]
[SourceTitle "EXT 1997"]
[Source "ChessBase"]
[SourceDate "1996.11.15"]
[SourceVersion "1"]
[SourceVersionDate "1996.11.15"]
[SourceQuality "1"]

1. Nf3 Nf6 2. c4 c5 3. Nc3 b6 4. g3 g6 5. Bg2 Bb7 6. 0-0 Bg7 7. d4 cxd4 8. Nxd4 Bxg2 9. Kxg2 Qc8 10. b3 Nc6 11. Bb2 0-0 12. Nf3 Qb7 13. Kg1 Rfd8 14. Qd2 e6 15. Rad1 1/2-1/2

[Event "Cordoba op"]
[Site "Cordoba"]
[Date "1991.??.??"]
[Round "?"]
[White "Yewdokimov, Oleg"]
[Black "Hoffman, Alejandro"]
[Result "1-0"]
[WhiteElo "2375"]
[BlackElo "2415"]
[PlyCount "51"]
[EventDate "1991.??.??"]
[EventType "swiss"]
[EventRounds "9"]
[EventCountry "ESP"]
[SourceTitle "EXT 1997"]
[Source "ChessBase"]
[SourceDate "1996.11.15"]
[SourceVersion "1"]
[SourceVersionDate "1996.11.15"]
[SourceQuality "1"]

1. d4 d5 2. c4 e6 3. Nc3 Nf6 4. Nf3 Be7 5. Bf4 0-0 6. e3 c5 7. dxc5 Bxc5 8. cxd5 exd5 9. Be2 Nc6 10. 0-0 Be6 11. Rc1 Bb6 12. Qa4 h6 13. Ne5 Rc8 14. Nxc6 Rxc6 15. Rfd1 Qe7 16. Be5 Nd7 17. Bd4 a6 18. Qb3 Rfc8 19. Bf3 Qd6 20. Bxb6 Rxb6 21. Qc2 Ne5 22. Bxd5 Bxd5 23. Rxd5 Rxc3 24. Rxd6 Rxc2 25. Rd8+ Kh7 26. Rxc2 1-0

[Event "Biel MTO op"]
[Site "Biel"]
[Date "1991.??.??"]
[Round "10"]
[White "Yewdokimov, Oleg"]
[Black "Klovans, Janis"]
[Result "0-1"]
[WhiteElo "2395"]
[BlackElo "2385"]
[PlyCount "44"]
[EventDate "1991.07.??"]
[EventType "swiss"]
[EventRounds "11"]
[EventCountry "SUI"]
[SourceTitle "EXT 2000"]
[Source "ChessBase"]
[SourceDate "1999.11.16"]
[SourceVersion "1"]
[SourceVersionDate "1999.11.16"]
[SourceQuality "1"]

1. d4 Nf6 2. c4 e6 3. Nf3 d5 4. e3 Be7 5. Nc3 0-0 6. Qc2 c5 7. dxc5 Bxc5 8. a3 Nc6 9. b4 Be7 10. Bb2 dxc4 11. Bxc4 Bd7 12. 0-0 Rc8 13. Qe2 Qc7 14. Ba2 Rfd8 15. Rac1 Qb8 16. Rfe1 Be8 17. e4 Qf4 18. e5 Ng4 19. h3 Nd4 20. Qe4 Nxf3+ 21. Qxf3 Qh2+ 22. Kf1 Rd2 0-1